LEADER 01371nam a2200325 i 4500 001 991001140709707536 005 20020507184013.0 008 950427s1994 it ||| | ita 035 $ab10806477-39ule_inst 035 $aLE01307689$9ExL 040 $aDip.to Matematica$beng 082 0 $a515.64 084 $aAMS 49-02 084 $aAMS 49J45 100 1 $aGiusti, Enrico$03338 245 10$aMetodi diretti nel calcolo delle variazioni /$cEnrico Giusti 260 $aBologna :$bUnione Matematica Italiana,$c1994 300 $av, 422 p. ;$c25 cm. 500 $aLavoro eseguito con il contributo del CNR 650 4$aCalculus of variations - Research exposition 650 4$aProblems involving convergence 650 4$aProblems involving semicontinuity 907 $a.b10806477$b04-10-06$c28-06-02 912 $a991001140709707536 945 $aLE013 49-XX GIU11 C.1 (1994)$g1$i2013000028651$lle013$o-$pE0.00$q-$rl$s- $t0$u3$v7$w3$x0$y.i10911261$z28-06-02 945 $aLE013 49-XX GIU11 C.2 (1994)$g2$i2013000121192$lle013$o-$pE0.00$q-$rl$s- $t0$u16$v2$w16$x0$y.i10911273$z28-06-02 945 $aLE013 49-XX GIU11 C.3 (1994)$g3$i2013000121208$lle013$o-$pE0.00$q-$rn$s- $t1$u8$v0$w8$x0$y.i10911285$z28-06-02 996 $aMetodi diretti nel calcolo delle variazioni$9376335 997 $aUNISALENTO 998 $ale013$b01-01-95$cm$da $e-$fita$git $h0$i3 LEADER 02752oas 2201045 a 450 001 9910143922603321 005 20260127110239.0 011 $a1557-7805 035 $a(DE-599)ZDB2067343-7 035 $a(OCoLC)39037883 035 $a(CONSER) 2005213143 035 $a(CKB)954921365546 035 $a(DE-599)2067343-7 035 $a(EXLCZ)99954921365546 100 $a19980430a19729999 sy a 101 0 $aeng 135 $aurmnu|||||||| 181 $ctxt$2rdacontent 182 $cc$2rdamedia 183 $acr$2rdacarrier 200 10$aJournal of advertising 210 $aDeKalb, Ill. $cBoard of Directors, American Academy of Advertising$d1972- 210 1$a[Abingdon] :$cRoutledge, Taylor & Francis Group 215 $a1 online resource 300 $aRefereed/Peer-reviewed 300 $aTitle from cover (JSTOR, viewed Oct. 24, 2008). 300 $aPublished: Armonk, NY : M.E. Sharpe, <2004-> 311 08$a0091-3367 606 $aAdvertising$vPeriodicals 606 $aAdvertising$xResearch$vPeriodicals 606 $aPublicite$vPeriodiques 606 $aPublicite?$3(CaQQLa)201-0030447$xRecherche$3(CaQQLa)201-0030447$vPe?riodiques$3(CaQQLa)201-0378307 606 $aPublicite?$vPe?riodiques$3(CaQQLa)201-0382768 606 $aAdvertising$2fast$3(OCoLC)fst00797511 606 $aAdvertising$xResearch$2fast$3(OCoLC)fst00797745 606 $aReclame$2gtt 608 $aperiodicals.$2aat 608 $aCzasopismo marketingowe.$2dbn 608 $aPeriodicals.$2fast 608 $aPeriodicals.$2lcgft 608 $aPe?riodiques.$2rvmgf 615 0$aAdvertising 615 0$aAdvertising$xResearch 615 6$aPublicite 615 6$aPublicite?$xRecherche 615 6$aPublicite? 615 7$aAdvertising. 615 7$aAdvertising$xResearch. 615 17$aReclame. 676 $a659.1 712 02$aAmerican Academy of Advertising, 801 0$bFGA 801 1$bFGA 801 2$bOCL 801 2$bOCLCQ 801 2$bOCL 801 2$bNSD 801 2$bEYM 801 2$bOCLCQ 801 2$bOCLCF 801 2$bOCLCQ 801 2$bDEBBG 801 2$bNLE 801 2$bGILDS 801 2$bOCLCA 801 2$bUKMGB 801 2$bVT2 801 2$bOCLCO 801 2$bDLC 801 2$bEZC 801 2$bDLC 801 2$bOCLCQ 801 2$bIOY 801 2$bLVT 801 2$bDKU 801 2$bUEJ 801 2$bSFB 801 2$bQGK 801 2$bM6U 801 2$bAU@ 801 2$bCNTRU 801 2$bJ9U 801 2$bNTG 801 2$bUBY 801 2$bOCLCL 801 2$bOCLCQ 906 $aJOURNAL 912 $a9910143922603321 996 $aJournal of advertising$9280568 997 $aUNINA